El Presidente de la Diputación de Barcelona, nuevo Marqués de Castell-Florite
Colección:
San Jorge,
; núm. 4 (octubre 1951), pàg. 41
Idioma:
Español
MARC
| LEADER | 00000naa a2200000 a 4500 | ||
|---|---|---|---|
| 003 | Arxiu | ||
| 005 | 20260324181027.0 | ||
| 008 | 160829s195 spc xx s spa c | ||
| 040 | |a agdb | ||
| 245 | 0 | 3 | |a El Presidente de la Diputación de Barcelona, nuevo Marqués de Castell-Florite |
| 490 | |a San Jorge, |v núm. 4 (octubre 1951), pàg. 41 | ||
| 600 | 1 | 0 | |a Buxó de Abaigar, Joaquín, |c marqués de Castell-Florite, |d 1905-1979 |9 54201 |
| 773 | |t San Jorge. |g Núm. 4 (octubre 1951), pàg. 41 | ||
| 901 | |a Arxiu | ||
| 942 | |n 1 |2 udc |c ART | ||
| 952 | |0 0 |1 0 |4 0 |6 REV508 |7 1 |9 64578 |a Arxiu |b Arxiu |d 2022-12-01 |l 0 |o Rev-508 |r 2022-12-01 00:00:00 |w 2022-12-01 |y ARXIU |z També disponible a Rev-521 | ||
| 999 | |c 44099 |d 44099 | ||